Yhdistä laulaja ja albumi - Statistics

Yleistilastot
  • Tätä visaa on pelattu 157 kertaa
  • Keskiarvotulos 8 / 24
Vastaustilastot
Hint Vastaus % Oikein
Jenni Vartiainen Ihmisten edessä
85%
Jukka Poika Kylmästä lämpimään
72%
Paula Koivuniemi Kuuntelen Tomppaa
70%
Maija Vilkkumaa Ei
62%
Anssi Kela Nummela
58%
PMMP Matkalaulu
55%
Viivi Parisuhdehautausmaa
45%
Jari Sillanpää Rakkaudella merkitty mies
37%
Behm Merkittävät erot
33%
Elastinen EK2
31%
Ellinoora Villi lapsi
28%
Suvi Teräsniska Särkyneiden sydänten tie
27%
Ressu Redford Hölmö sydän
24%
Sanni Muutos
22%
Katri Helena On elämä laulu
22%
Bess Kädet ylös
19%
Lauri Tähkä Meidän tulevat päivät
19%
Kaija Koo Sinun naisesi
18%
Arttu Wiskari Sirpaleet
18%
Juha Tapio Lapislatsulia
17%
Chisu Vapaa ja yksin
14%
Vilma Alina True Crime
13%
Matti ja Teppo Ollaan kuin ennen
12%
Sara Siipola Sanon sen nyt ääneen
10%
Ehtoja vastaavia visoja ei löytynyt
Tulosjakauma
Jokaisen tuloksen saaneiden osuus
Persentiili vastausten määrän mukaan
Tuloshistoriasi
Et ole pelannut tätä visaa